000 01460cam a22003494i 4500
003 PE-LiUPU
005 20250731183426.0
008 150616s1965 r 000 0 d
035 _a(Sirsi) a4903
040 _aPE-LiUPU
_bspa
_cPE-LiUPU
_erda
049 _aPRUA
082 0 4 _a759.06
_bG91
_221
100 _aGuibourg, Roberto,
_eeditor.
_96197
245 0 0 _aPintura moderna.
264 1 _aBuenos Aires :
_bEditorial Kapelusz,
_c1965.
300 _a481 páginas :
_bilustraciones fotos, pinturas ;
_c23 centímetros.
336 _atext
_2rdacontent
337 _aunmediated
_2rdamedia
338 _avolume
_2rdacarrier
490 0 _aColección Universitaria; Diccionarios
505 0 _aCuadro sinóptico de la pintura moderna -- Las ideas del tiempo y el arte -- Conceptos subjetivos de la pintura -- La tiranía académica -- El impresionismo -- El postimpresionismo -- Lo que aportaba la escuela de Pont-Aven -- Los nabís y el simbolismo -- El fauvismo -- El cubismo -- El futurismo -- El purismo y el neocubismo -- El neorrealismo -- El expresionismo -- Las corrientes negadoras -- El arte abstracto y sus derivaciones.
526 _aP158
526 _aP146
526 _aP17
526 _aP12
526 _aP06
650 0 4 _aPINTURA - EPOCA MODERNA.
700 _aGuibourg, Roberto,
_etraductor.
_96196
942 _2ddc
_cBK
999 _c51333
_d51333
980 _81
_gALBERTO SANCHEZ Responsable de Automatización